006820000a220009700045007730045000001000021000452450078000663000050001445000024001945200366002180 tArcadia / Andrés Felipe Solano, Editor1 aWiener, Gabriela10aUn teatro con sentido : Nueva obra del director colombiano Enrique Vargas aVol.0, núm.9 (Junio, 2006), Páginas 22-23 aPeriodista peruana. aHa montado nueve obras en Europa y ya van siete premios internacionales, desde el Premio Nacional de Dramaturgia de Colombia hasta el Max a las Nuevas Tendencias en Barcelona. Le contamos quién es Enrique Vargas, este dramaturgo excéntrico que entre el 30 de junio y el 16 de julio presentará su nueva obra, El eco de la sombra, en la ciudad de Gaudí.